000
00271nam a22001217a 4500
082
_a
920
_b
GOP/S
100
_a
GOPALAN,SHANTI
245
_a
SCIENTISTS OF INTERNATIONAL REPUTE
260
_a
INDIA
_b
SURA BOOKS
300
_a
92
650
_a
BIOGRAPHIES
_z
INDIA
942
_c
BK
999
_c
6422
_d
6422